01004nam a2200289 i 450000500170000000800410001701500140005802000150007204000240008704100080011104400080011908200180012710000160014524500750016125000230023626000550025930000280031450400530034265000270039565000380042265000170046065000110047771000370048894200150052599900150054095201590055520160106051930.0890215r19881958enka b 001 0 eng d aGB88-3623 a0565010212 aUkcDLCdCO-BoIAVH  aeng aenk04a598.842bS67s1 aSnow, David12aA study of blackbirds /cby D.W. Snow ; illustrated by Robert Gillmor. aSegunda edición. aLondon :bBritish Museum, Natural History ,c1988. a196 páginas ;c22 cm. aIncluye referencias bibliográficas e índice.14aAvesxIdentificación24aAves terrestresxIdentificación24aPaseriformes24aMirlos2 aBritish Museum (Natural History) 2ddccLIBRO c3014d3014 00102ddc40728GENERALIINV2017aBogotabBogotad2002-12-04eAmazong56000.00l0oLB-598.842 S67sp003317r2012-12-04 00:00:00tEj. 1w2012-12-04yLIBRO